Niche Territories - GeoGrid Answers - Statistics

General Stats
  • This quiz has been taken 19 times
    13 since last reset
  • The average score is 11 of 48
Answer Stats
Sovereign Overseas Territory/Dependency % Correct
Australia Christmas Island
42%
Denmark Faroe Islands
42%
France Martinique
42%
New Zealand Niue
42%
Australia Norfolk Island
42%
Finland Åland
33%
United States American Samoa
33%
Netherlands Aruba
33%
Australia Cocos (Keeling) Islands
33%
New Zealand Cook Islands
33%
Netherlands Curaçao
33%
Denmark Greenland
33%
France Reunion
33%
Norway Svalbard and Jan Mayen
33%
United States U.S. Virgin Islands
33%
United Kingdom Bermuda
25%
United Kingdom British Virgin Islands
25%
United Kingdom Falkland Islands (Islas Malvinas)
25%
France French Guiana
25%
United States Guam
25%
United Kingdom Guernsey
25%
United Kingdom Jersey
25%
France Mayotte
25%
France New Caledonia
25%
France Saint Barthélemy
25%
France/Netherlands Saint Martin/Sint Maarten
25%
France Saint Pierre and Miquelon
25%
United Kingdom Anguilla
17%
Norway Bouvet Island
17%
United Kingdom British Indian Ocean Territory
17%
United Kingdom Cayman Islands
17%
France French Polynesia
17%
United Kingdom Gibraltar
17%
France Guadeloupe
17%
Australia Heard & McDonald Islands
17%
United Kingdom Isle of Man
17%
United Kingdom Pitcairn Islands
17%
United States Puerto Rico
17%
United Kingdom Saint Helena, Ascension & Tristan da cunha
17%
New Zealand Tokelau
17%
France Wallis and Futuna
17%
Netherlands Caribbean Netherlands
8%
France French Southern Territories
8%
United Kingdom Montserrat
8%
United States Northern Mariana Islands
8%
United Kingdom South Georgia and the South Sandwich Islands
8%
United Kingdom Turks and Caicos Islands
8%
Sovereign Palestine
0%
No matching quizzes found
Score Distribution
Percent of People with Each Score
Percentile by Number Answered
Your Score History
You have not taken this quiz since the last reset